01092nam a2200325Ia 450000500170000000800410001702000190005810000290007724500690010625000390017530000270021449000210024150000320026252100290029465000380032365000420036165000250040365000350042865000360046365000410049970000290054094200150056926400330058433600270061733700330064433800280067704000350070508400110074099900150075120220317001020.0160825s2008 ck g 000 0 spa  a978958300670121 aIbsen, Henrikd1828-190610aCasa de muñecascHenrik Ibsen ; ilustrado por Birgitte Bonning a1a. edición b5a. reimpresión  a144 páginas c23 cm  aTeatro universal aIncluye datos biográficos aRecomendado para adultos142LEMBaTeatro Noruego ySiglo XIX 142LEMB aLiteratura NoruegaySiglo XIX 142LEMB aDrama Noruego142LEMBaFamilia En La Literatura142LEMB aMujeres En La Literatura142LEMB aSentimientos En La Literatura1 aBonning, Birgitte964424 2loccBKLIT aBogotábPanamericanac2008 atextobtxt2rdacontent asin mediaciónbn2rdamedia avolumenbnc2rdacarrier aCO-BoRNBPbspaerdacCO-BoRNBP aT IBS1 c5677d5677